|
|
|
|
| LEADER |
00000naa2a2200000 4500 |
| 001 |
183361 |
| 005 |
20251205153455.0 |
| 035 |
|
|
|a (RuTPU)RU\TPU\book\198772
|
| 090 |
|
|
|a 183361
|
| 100 |
|
|
|a 20100715d2004 k y0rusy50 ca
|
| 101 |
0 |
|
|a rus
|
| 102 |
|
|
|a RU
|
| 200 |
1 |
|
|a Алгоритм ускорения деления полиномов по модулю два с использование матричной арифметики
|f А. Н. Мальчуков, Ю. Б. Буркатовская, А. Н. Осокин
|
| 320 |
|
|
|a Библиогр.: 2 назв.
|
| 461 |
|
1 |
|0 (RuTPU)RU\TPU\book\66154
|t Современные техника и технологии
|o X Юбилейная международная научно-практическая конференция студентов, аспирантов и молодых ученых, посвященная 400-летию г. Томска, Томск, 29 марта - 2 апреля 2004 г.
|o труды
|f Томский политехнический университет
|d 2004
|
| 463 |
|
0 |
|0 (RuTPU)RU\TPU\book\65883
|t Т. 2
|v С. 171-173
|d 2004
|
| 610 |
1 |
|
|a полиномы
|
| 610 |
1 |
|
|a деление
|
| 610 |
1 |
|
|a алгоритмы
|
| 610 |
1 |
|
|a коды
|
| 610 |
1 |
|
|a надежность
|
| 610 |
1 |
|
|a модуль два
|
| 610 |
1 |
|
|a матричные вычисления
|
| 610 |
1 |
|
|a вычисления
|
| 610 |
1 |
|
|a формулы
|
| 610 |
1 |
|
|a теоремы
|
| 610 |
1 |
|
|a схемы
|
| 610 |
1 |
|
|a труды учёных ТПУ
|
| 700 |
|
1 |
|a Мальчуков
|b А. Н.
|c специалист в области информатики и вычислительной техники
|c доцент Томского политехнического университета, кандидат технических наук
|f 1982-
|g Андрей Николаевич
|3 (RuTPU)RU\TPU\pers\25402
|
| 701 |
|
1 |
|a Буркатовская
|b Ю. Б.
|c математик
|c доцент Томского политехнического университета, кандидат физико-математических наук
|f 1973-
|g Юлия Борисовна
|3 (RuTPU)RU\TPU\pers\26553
|9 12242
|
| 701 |
|
1 |
|a Осокин
|b А. Н.
|c специалист в области информатики и вычислительной техники
|c доцент Томского политехнического университета, кандидат технических наук
|f 1947-
|g Александр Николаевич
|3 (RuTPU)RU\TPU\pers\25406
|
| 801 |
|
1 |
|a RU
|b 63413507
|c 20100715
|
| 801 |
|
2 |
|a RU
|b 63413507
|c 20140326
|g RCR
|
| 942 |
|
|
|c BK
|